[Event "Ruhrgebiet Verbandsliga Gruppe 2 1718"]
[Site "Germany"]
[Date "2018.04.29"]
[Round "9.4"]
[White "Berens, Thomas"]
[Black "Simanowski, Mio"]
[Result "1/2-1/2"]
[WhiteElo "1904"]
[BlackElo "1896"]
[PlyCount "62"]
[EventDate "2017.09.17"]
[EventType "team-tourn"]
[EventRounds "9"]
[EventCountry "GER"]
[SourceTitle "EXT 2022"]
[Source "ChessBase"]
[SourceDate "2021.10.06"]
[SourceVersion "1"]
[SourceVersionDate "2021.10.06"]
[SourceQuality "1"]
[WhiteTeam "Gerthe Werne"]
[BlackTeam "Muelheim Nord III"]
[WhiteTeamCountry "GER"]
[BlackTeamCountry "GER"]

1. c4 Nf6 2. Nc3 d5 3. cxd5 Nxd5 4. g3 c6 5. Nf3 Bf5 6. d3 Bg6 7. Bg2 e6 8. 0-0 Be7 9. a3 Bf6 10. Bd2 Nd7 11. Rc1 Rc8 12. b4 0-0 13. Qb3 Qb6 14. Na4 Qd8 15. Nc5 Nxc5 16. bxc5 Rb8 17. Qa4 Nc7 18. Bf4 Re8 19. Ne5 Bh5 20. g4 Bg6 21. Qxa7 Nb5 22. Qa4 Ra8 23. Qb4 Bxe5 24. Bxe5 Rxa3 25. Ra1 Rxa1 26. Rxa1 f6 27. Bd6 e5 28. Ra5 Qd7 29. Bf3 Nd4 30. Ra7 Nb5 31. Ra5 Nd4 1/2-1/2

[Event "Ruhrgebiet Verbandsliga Gruppe 2 1718"]
[Site "Germany"]
[Date "2017.11.05"]
[Round "3.3"]
[White "Riese, Manfred"]
[Black "Berens, Thomas"]
[Result "0-1"]
[WhiteElo "1815"]
[BlackElo "1901"]
[PlyCount "102"]
[EventDate "2017.09.17"]
[EventType "team-tourn"]
[EventRounds "9"]
[EventCountry "GER"]
[SourceTitle "EXT 2022"]
[Source "ChessBase"]
[SourceDate "2021.10.06"]
[SourceVersion "1"]
[SourceVersionDate "2021.10.06"]
[SourceQuality "1"]
[WhiteTeam "Muelheim SC"]
[BlackTeam "Gerthe Werne"]
[WhiteTeamCountry "GER"]
[BlackTeamCountry "GER"]

1. c4 g6 2. g3 Bg7 3. Bg2 c5 4. Nc3 Nc6 5. d3 e6 6. e4 Nge7 7. Be3 d6 8. Qd2 Nd4 9. Nge2 0-0 10. 0-0 Rb8 11. Rac1 a6 12. Bh6 b5 13. Bxg7 Kxg7 14. Nxd4 cxd4 15. Ne2 e5 16. b3 Bg4 17. f3 Be6 18. c5 Rc8 19. cxd6 Qxd6 20. f4 f6 21. fxe5 fxe5 22. h3 Rxc1 23. Rxc1 Rc8 24. Rc2 Rxc2 25. Qxc2 Qc6 26. Qd2 Nc8 27. Kh2 Qc5 28. g4 Ne7 29. Ng3 h6 30. Qa5 Qd6 31. Bf3 Nc8 32. Bd1 Qb6 33. Qd2 b4 34. g5 h5 35. Qf2 Bd7 36. Nf1 Bb5 37. Be2 Qd6 38. Nd2 Nb6 39. Qg3 Nd7 40. Nf3 Kf7 41. Kg2 Ke7 42. Qf2 Nc5 43. Qf1 Ne6 44. Kg3 Nf4 45. Qd1 Qe6 46. Bf1 a5 47. Nxd4 exd4 48. Kxf4 Kd6 49. Qd2 Qf7+ 50. Kg3 Qxf1 51. h4 Qxd3+ 0-1

[Event "Ruhrgebiet Verbandsliga Gruppe 1 1617"]
[Site "Germany"]
[Date "2017.01.29"]
[Round "6.6"]
[White "Berens, Thomas"]
[Black "Franck, Rudolf"]
[Result "1-0"]
[WhiteElo "1866"]
[BlackElo "1977"]
[PlyCount "59"]
[EventDate "2016.09.04"]
[EventType "team-tourn"]
[EventRounds "9"]
[EventCountry "GER"]
[SourceTitle "EXT 2022"]
[Source "ChessBase"]
[SourceDate "2021.10.06"]
[SourceVersion "1"]
[SourceVersionDate "2021.10.06"]
[SourceQuality "1"]
[WhiteTeam "Gerthe Werne"]
[BlackTeam "Bottrop SV"]
[WhiteTeamCountry "GER"]
[BlackTeamCountry "GER"]

1. c4 e5 2. Nc3 f5 3. g3 Nf6 4. Bg2 c6 5. d4 e4 6. Bg5 Be7 7. e3 0-0 8. Nge2 d6 9. 0-0 Be6 10. d5 Bf7 11. Nd4 Nxd5 12. cxd5 Bxg5 13. dxc6 Nxc6 14. Nxf5 Bc4 15. Nxd6 Bxf1 16. Qd5+ Kh8 17. Nf7+ Rxf7 18. Qxf7 Bxg2 19. Kxg2 Qf6 20. Qxf6 Bxf6 21. Nxe4 Bxb2 22. Rb1 Ba3 23. Rxb7 Nb4 24. Ng5 Nxa2 25. Ne6 a5 26. Nxg7 a4 27. Nh5 Rf8 28. Nf4 Ra8 29. Nd5 Nc1 30. Nf6 1-0

[Event "Ruhrgebiet Verbandsliga Gruppe 1 1617"]
[Site "Germany"]
[Date "2016.09.04"]
[Round "1.5"]
[White "Lindner Emden, Carsten"]
[Black "Berens, Thomas"]
[Result "1/2-1/2"]
[WhiteElo "1954"]
[BlackElo "1866"]
[PlyCount "77"]
[EventDate "2016.09.04"]
[EventType "team-tourn"]
[EventRounds "9"]
[EventCountry "GER"]
[SourceTitle "EXT 2022"]
[Source "ChessBase"]
[SourceDate "2021.10.06"]
[SourceVersion "1"]
[SourceVersionDate "2021.10.06"]
[SourceQuality "1"]
[WhiteTeam "Bochum-Linden"]
[BlackTeam "Gerthe Werne"]
[WhiteTeamCountry "GER"]
[BlackTeamCountry "GER"]

1. e4 c5 2. Nf3 Nc6 3. d4 cxd4 4. Nxd4 g6 5. c4 Bg7 6. Nc2 Nf6 7. Nc3 d6 8. Be2 0-0 9. Be3 Be6 10. 0-0 Qa5 11. f4 Rfc8 12. h3 Qd8 13. Rc1 b6 14. Qd2 Bd7 15. Bf3 Rab8 16. Kh2 Na5 17. b3 Bc6 18. g4 a6 19. g5 Nd7 20. Nb4 Bb7 21. Rfd1 Nc5 22. Qg2 Qe8 23. h4 b5 24. cxb5 axb5 25. Ncd5 Nc6 26. Bxc5 dxc5 27. Rxc5 Nxb4 28. Rxc8 Rxc8 29. Nxb4 Bc3 30. Nd5 Bxd5 31. Rxd5 Rd8 32. e5 Rxd5 33. Bxd5 Qd7 34. Qf3 e6 35. Qxc3 Qxd5 36. Kg3 Qe4 37. Qd2 b4 38. h5 gxh5 39. Qd8+ 1/2-1/2

[Event "Ruhrgebiet Verbandsklasse Gruppe 2 1516"]
[Site "Germany"]
[Date "2015.09.27"]
[Round "2.4"]
[White "Bauriedel, Friedrich"]
[Black "Berens, Thomas"]
[Result "1/2-1/2"]
[WhiteElo "1837"]
[BlackElo "1907"]
[PlyCount "45"]
[EventDate "2015.09.06"]
[EventType "team-tourn"]
[EventRounds "9"]
[EventCountry "GER"]
[SourceTitle "EXT 2022"]
[Source "ChessBase"]
[SourceDate "2021.10.06"]
[SourceVersion "1"]
[SourceVersionDate "2021.10.06"]
[SourceQuality "1"]
[WhiteTeam "Essen SK Germania Kupferdreh"]
[BlackTeam "Gerthe Werne"]
[WhiteTeamCountry "GER"]
[BlackTeamCountry "GER"]

1. d4 Nf6 2. Bg5 Ne4 3. Bh4 c5 4. f3 Qa5+ 5. c3 Nf6 6. Bxf6 exf6 7. d5 d6 8. e4 Be7 9. Bd3 Nd7 10. Na3 0-0 11. Nc4 Qc7 12. a4 Ne5 13. Ne2 Bd7 14. Nxe5 fxe5 15. 0-0 f5 16. exf5 Bxf5 17. Bxf5 Rxf5 18. Ng3 Rf4 19. a5 b5 20. Ne4 Raf8 21. b3 c4 22. a6 Rb8 23. b4 1/2-1/2

[Event "Goch op 26th"]
[Site "Goch"]
[Date "2015.09.04"]
[Round "2"]
[White "Leyens, Klaus"]
[Black "Berens, Thomas"]
[Result "1/2-1/2"]
[WhiteElo "1584"]
[BlackElo "2027"]
[PlyCount "53"]
[EventDate "2015.09.03"]
[EventType "swiss"]
[EventRounds "7"]
[EventCountry "GER"]
[SourceTitle "EXT 2018"]
[Source "ChessBase"]
[SourceDate "2017.10.13"]
[SourceVersion "1"]
[SourceVersionDate "2017.10.13"]
[SourceQuality "1"]

1. d4 Nf6 2. c4 g6 3. Nf3 Bg7 4. e3 0-0 5. b3 c5 6. Bb2 cxd4 7. exd4 d5 8. Be2 Nc6 9. 0-0 Bf5 10. Nbd2 Rc8 11. a3 dxc4 12. bxc4 Qb6 13. Qb3 Qxb3 14. Nxb3 Bc2 15. Nbd2 Ne4 16. Rac1 Nxd2 17. Nxd2 Ba4 18. Nf3 Rfd8 19. Bd1 Bxd1 20. Rfxd1 b6 21. c5 bxc5 22. Rxc5 e6 23. g3 Bf6 24. Rdc1 Ne7 25. Rxc8 Rxc8 26. Rxc8+ Nxc8 27. Kf1 1/2-1/2

[Event "Ruhrgebiet Verbandsliga Gruppe 1 1415"]
[Site "Germany"]
[Date "2015.03.29"]
[Round "8.4"]
[White "Mueller Clostermann, Bruno"]
[Black "Berens, Thomas"]
[Result "1-0"]
[WhiteElo "2061"]
[BlackElo "1929"]
[PlyCount "99"]
[EventDate "2014.09.21"]
[EventType "team-tourn"]
[EventRounds "9"]
[EventCountry "GER"]
[SourceTitle "EXT 2022"]
[Source "ChessBase"]
[SourceDate "2021.10.06"]
[SourceVersion "1"]
[SourceVersionDate "2021.10.06"]
[SourceQuality "1"]
[WhiteTeam "Katernberg SF III"]
[BlackTeam "Gerthe Werne"]
[WhiteTeamCountry "GER"]
[BlackTeamCountry "GER"]

1. Nf3 Nf6 2. g3 g6 3. Bg2 Bg7 4. 0-0 c5 5. c4 Nc6 6. d4 cxd4 7. Nxd4 0-0 8. Nc3 Nxd4 9. Qxd4 d6 10. Qd3 Qc7 11. Bg5 Be6 12. b3 Rac8 13. Rac1 Qd7 14. Rfd1 Rfd8 15. Qe3 b6 16. Nd5 Bxd5 17. cxd5 Kf8 18. Bh6 Ne8 19. Rc6 Rxc6 20. dxc6 Qe6 21. Qxe6 fxe6 22. Bxg7+ Kxg7 23. a4 Nc7 24. e4 Rc8 25. b4 a6 26. Bf1 Kf6 27. f4 Kf7 28. Rc1 Kf8 29. Kf2 Kg7 30. Ke3 Kf7 31. g4 h6 32. h4 Rh8 33. Be2 Kf6 34. Rf1 Kg7 35. Kd4 Rf8 36. Ke3 Rd8 37. Rd1 Rf8 38. Bc4 Kh7 39. Bb3 Kg7 40. e5 d5 41. h5 g5 42. Rf1 Kg8 43. Rf3 Kg7 44. fxg5 Rxf3+ 45. Kxf3 hxg5 46. Ke3 Kh6 47. a5 bxa5 48. bxa5 Nb5 49. Ba4 Nc7 50. Kd4 1-0

[Event "Ruhrgebiet Verbandsliga Gruppe 1 1415"]
[Site "Germany"]
[Date "2015.03.01"]
[Round "7.4"]
[White "Berens, Thomas"]
[Black "Schueppel, Werner"]
[Result "1/2-1/2"]
[WhiteElo "1929"]
[BlackElo "1967"]
[PlyCount "43"]
[EventDate "2014.09.21"]
[EventType "team-tourn"]
[EventRounds "9"]
[EventCountry "GER"]
[SourceTitle "EXT 2022"]
[Source "ChessBase"]
[SourceDate "2021.10.06"]
[SourceVersion "1"]
[SourceVersionDate "2021.10.06"]
[SourceQuality "1"]
[WhiteTeam "Gerthe Werne"]
[BlackTeam "Kirchhellen SF"]
[WhiteTeamCountry "GER"]
[BlackTeamCountry "GER"]

1. d4 g6 2. c4 Bg7 3. Nc3 d6 4. e4 Nd7 5. Be3 e5 6. d5 Ne7 7. Bd3 0-0 8. Nge2 f5 9. f3 Nf6 10. Qd2 f4 11. Bf2 a6 12. 0-0-0 Bd7 13. Kb1 Rb8 14. Rc1 c5 15. Ka1 b5 16. Rcf1 Qa5 17. Nb1 b4 18. g4 g5 19. h4 h6 20. Rh2 Kf7 21. Rfh1 Ba4 22. Nc1 1/2-1/2

[Event "Ruhrgebiet Regionalliga 1314"]
[Site "Ruhrgebiet"]
[Date "2014.03.02"]
[Round "7.5"]
[White "Georg, Heinz"]
[Black "Berens, Thomas"]
[Result "1/2-1/2"]
[WhiteElo "2146"]
[BlackElo "1919"]
[PlyCount "83"]
[EventDate "2013.09.22"]
[EventType "team-tourn"]
[EventRounds "9"]
[EventCountry "GER"]
[SourceTitle "EXT 2024"]
[Source "ChessBase"]
[SourceDate "2023.10.10"]
[SourceVersion "1"]
[SourceVersionDate "2023.10.10"]
[SourceQuality "1"]
[WhiteTeam "Kamen"]
[BlackTeam "Gerthe Werne"]
[WhiteTeamCountry "GER"]
[BlackTeamCountry "GER"]

1. e4 c5 2. Nf3 d6 3. c3 Nf6 4. e5 Nd5 5. d4 cxd4 6. Qxd4 e6 7. Bb5+ Bd7 8. Bg5 Qb6 9. Qxb6 Nxb6 10. Bxd7+ N8xd7 11. exd6 Bxd6 12. Nbd2 Rc8 13. Ne4 Bb8 14. 0-0-0 f6 15. Bh4 Ke7 16. Bg3 Nd5 17. Bxb8 Nxb8 18. Rhe1 Rhd8 19. g3 b6 20. a3 Nc6 21. Re2 Nc7 22. Rde1 e5 23. Nh4 g6 24. f4 Kf7 25. fxe5 Nxe5 26. Rf1 Nd5 27. Kb1 Nc4 28. Ka2 Nd6 29. Ng5+ Kg8 30. Ne6 Re8 31. Rd1 Kf7 32. Rxd5 Rxe6 33. Rc2 Nc4 34. Nf3 Ke7 35. Rd4 Ne5 36. Nxe5 Rxe5 37. Rcd2 Rc7 38. Rd8 f5 39. Rh8 Ke6 40. Kb3 Re4 41. Rdd8 Kf6 42. Rd2 1/2-1/2

[Event "Muensterland op 31st"]
[Site "Senden"]
[Date "2013.10.27"]
[Round "2"]
[White "Berens, Thomas"]
[Black "Langhanke, Guenther"]
[Result "1/2-1/2"]
[WhiteElo "2032"]
[BlackElo "2160"]
[PlyCount "62"]
[EventDate "2013.10.27"]
[EventType "swiss"]
[EventRounds "9"]
[EventCountry "GER"]
[SourceTitle "EXT 2014"]
[Source "ChessBase"]
[SourceDate "2013.11.20"]
[SourceVersion "1"]
[SourceVersionDate "2013.11.20"]
[SourceQuality "1"]

1. d4 d5 2. c4 e6 3. Nc3 Nf6 4. Bg5 Nbd7 5. Nf3 Bb4 6. Qc2 c5 7. cxd5 exd5 8. e3 Qa5 9. Bxf6 Nxf6 10. Nd2 cxd4 11. exd4 0-0 12. Be2 Re8 13. Nb3 Qc7 14. 0-0 Bxc3 15. bxc3 Bg4 16. Bd3 Rac8 17. Rac1 Re6 18. h3 Bh5 19. c4 dxc4 20. Qxc4 Qxc4 21. Rxc4 Rxc4 22. Bxc4 Rc6 23. Rc1 Kf8 24. Kf1 Ne4 25. Bd5 Rxc1+ 26. Nxc1 Nd6 27. Ke1 f6 28. Kd2 Bf7 29. Bxf7 Kxf7 30. Kd3 Ke6 31. Ne2 b6 1/2-1/2

[Event "Ruhrgebiet Regionalliga 1314"]
[Site "Ruhrgebiet"]
[Date "2013.10.20"]
[Round "2.5"]
[White "Berens, Thomas"]
[Black "Mainusch, Martin"]
[Result "1/2-1/2"]
[WhiteElo "1919"]
[BlackElo "1971"]
[PlyCount "65"]
[EventDate "2013.09.22"]
[EventType "team-tourn"]
[EventRounds "9"]
[EventCountry "GER"]
[SourceTitle "EXT 2024"]
[Source "ChessBase"]
[SourceDate "2023.10.10"]
[SourceVersion "1"]
[SourceVersionDate "2023.10.10"]
[SourceQuality "1"]
[WhiteTeam "Gerthe Werne"]
[BlackTeam "Muelheim Nord III"]
[WhiteTeamCountry "GER"]
[BlackTeamCountry "GER"]

1. d4 Nf6 2. c4 g6 3. Nc3 Bg7 4. e4 d6 5. f3 0-0 6. Be3 c5 7. Nge2 cxd4 8. Nxd4 Nc6 9. Be2 Nxd4 10. Bxd4 Bd7 11. 0-0 Bc6 12. Qd2 Nd7 13. Be3 a5 14. Rac1 Nc5 15. Nd5 h5 16. b3 Kh7 17. Bd3 e6 18. Nc3 Qe7 19. Bb1 Rfd8 20. Qf2 b6 21. Rfd1 Qb7 22. Qh4 Kg8 23. Qg5 e5 24. Nd5 Ne6 25. Qh4 Bxd5 26. cxd5 Nd4 27. Bd3 b5 28. Rc3 Rdc8 29. Rdc1 Rxc3 30. Rxc3 b4 31. Rc4 Rc8 32. Qe1 Rxc4 33. Bxc4 1/2-1/2

[Event "Goch op 24th"]
[Site "Goch"]
[Date "2013.09.07"]
[Round "4"]
[White "Berens, Thomas"]
[Black "Aymans, Rainer"]
[Result "1-0"]
[WhiteElo "2025"]
[BlackElo "1887"]
[PlyCount "47"]
[EventDate "2013.09.05"]
[EventType "swiss"]
[EventRounds "7"]
[EventCountry "GER"]
[SourceTitle "EXT 2015"]
[Source "ChessBase"]
[SourceDate "2014.11.20"]
[SourceVersion "1"]
[SourceVersionDate "2014.11.20"]
[SourceQuality "1"]

1. d4 Nf6 2. c4 e5 3. dxe5 Ng4 4. Bf4 Nc6 5. Nf3 Bb4+ 6. Nbd2 Qe7 7. e3 Ngxe5 8. Nxe5 Nxe5 9. Be2 0-0 10. 0-0 Bxd2 11. Qxd2 d6 12. Rac1 b6 13. b4 a5 14. c5 Bb7 15. cxd6 cxd6 16. b5 Rac8 17. Rfd1 Rxc1 18. Rxc1 Rc8 19. Rd1 d5 20. Rc1 Nc4 21. Qd4 Qe6 22. Bd3 Rc5 23. Bg3 Rxb5 24. Rxc4 1-0

[Event "Goch op 24th"]
[Site "Goch"]
[Date "2013.09.06"]
[Round "2"]
[White "Berens, Thomas"]
[Black "Hintze, Helge"]
[Result "0-1"]
[WhiteElo "2025"]
[BlackElo "2330"]
[PlyCount "58"]
[EventDate "2013.09.05"]
[EventType "swiss"]
[EventRounds "7"]
[EventCountry "GER"]
[SourceTitle "EXT 2015"]
[Source "ChessBase"]
[SourceDate "2014.11.20"]
[SourceVersion "1"]
[SourceVersionDate "2014.11.20"]
[SourceQuality "1"]

1. d4 Nf6 2. c4 g6 3. Nc3 d5 4. Nf3 Bg7 5. cxd5 Nxd5 6. e4 Nxc3 7. bxc3 c5 8. Be3 Nc6 9. Rc1 cxd4 10. cxd4 Qa5+ 11. Qd2 Qxd2+ 12. Kxd2 0-0 13. d5 Rd8 14. Ke1 Nb4 15. Rc7 Rd7 16. Rxd7 Bxd7 17. Bc4 Nc2+ 18. Kd2 Nxe3 19. Kxe3 Rc8 20. Bb3 a5 21. Rb1 b5 22. Nd2 Rc3+ 23. Ke2 a4 24. Bd1 Ra3 25. f4 Rxa2 26. e5 g5 27. g3 gxf4 28. gxf4 Bh6 29. Rb4 Bg4+ 0-1

[Event "Ruhrgebiet Verbandsliga2 1213"]
[Site "Nordrheinwestfalen"]
[Date "2012.12.02"]
[Round "4.4"]
[White "Berens, Thomas"]
[Black "Winterkamp, Sascha"]
[Result "1-0"]
[WhiteElo "1943"]
[BlackElo "1942"]
[PlyCount "89"]
[EventDate "2012.09.02"]
[EventType "team-tourn"]
[EventRounds "9"]
[EventCountry "GER"]
[SourceTitle "EXT 2020"]
[Source "ChessBase"]
[SourceDate "2019.10.17"]
[SourceVersion "1"]
[SourceVersionDate "2019.10.17"]
[SourceQuality "1"]
[WhiteTeam "Gerthe Werne"]
[BlackTeam "Hoentrop SG"]
[WhiteTeamCountry "GER"]
[BlackTeamCountry "GER"]

1. d4 Nf6 2. c4 c5 3. d5 e6 4. Nc3 exd5 5. cxd5 d6 6. Nf3 g6 7. g3 Bg7 8. Bg2 0-0 9. 0-0 a6 10. a4 Re8 11. h3 Nbd7 12. Nd2 Rb8 13. Nc4 Ne5 14. Na3 Nh5 15. e4 b5 16. axb5 axb5 17. Naxb5 c4 18. g4 Nf6 19. Bf4 Qb6 20. Qe2 Bd7 21. Be3 Qd8 22. Nxd6 Bxg4 23. hxg4 Qxd6 24. f4 Nexg4 25. e5 Nxe5 26. fxe5 Qxe5 27. Rae1 Nh5 28. Qf3 f5 29. Bc5 Qxe1 30. Rxe1 Rxe1+ 31. Kf2 Rc1 32. Nd1 Be5 33. d6 Nf6 34. Qe2 Re8 35. Qd2 Ng4+ 36. Kf1 Bxb2 37. Bd5+ Kg7 38. Qxb2+ Re5 39. Qxc1 Rxd5 40. Qxc4 Rxd1+ 41. Ke2 Rh1 42. Bd4+ Kh6 43. d7 Rh2+ 44. Kd1 Rh1+ 45. Kc2 1-0

[Event "Ruhrgebiet Verbandsliga2 1213"]
[Site "Nordrheinwestfalen"]
[Date "2012.09.30"]
[Round "2.4"]
[White "Ozerov, Ilja"]
[Black "Berens, Thomas"]
[Result "1/2-1/2"]
[WhiteElo "2046"]
[BlackElo "1943"]
[PlyCount "64"]
[EventDate "2012.09.02"]
[EventType "team-tourn"]
[EventRounds "9"]
[EventCountry "GER"]
[SourceTitle "EXT 2020"]
[Source "ChessBase"]
[SourceDate "2019.10.17"]
[SourceVersion "1"]
[SourceVersionDate "2019.10.17"]
[SourceQuality "1"]
[WhiteTeam "Muelheim Nord III"]
[BlackTeam "Gerthe Werne"]
[WhiteTeamCountry "GER"]
[BlackTeamCountry "GER"]

1. e4 c5 2. Nf3 Nc6 3. d4 cxd4 4. Nxd4 g6 5. Nc3 Bg7 6. Be3 Nf6 7. Bc4 Qa5 8. 0-0 0-0 9. Be2 d6 10. f4 Bd7 11. Nb3 Qd8 12. g4 Rc8 13. g5 Ne8 14. Qe1 f5 15. gxf6 Nxf6 16. Qh4 a6 17. Rad1 b5 18. Bf3 Qc7 19. Nd5 Nxd5 20. exd5 Bf6 21. Qf2 Nd8 22. c3 Nf7 23. Nd4 Nh6 24. Ne6 Bxe6 25. dxe6 Nf5 26. Be4 Bg7 27. Bb6 Qb8 28. Rd5 Rf6 29. Bxf5 gxf5 30. Re1 Qb7 31. Rd3 Rc4 32. Bd4 Rg6+ 1/2-1/2

[Event "Ruhrgebiet Verbandsliga2 1213"]
[Site "Nordrheinwestfalen"]
[Date "2012.09.02"]
[Round "1.4"]
[White "Berens, Thomas"]
[Black "Lange, Andreas"]
[Result "1/2-1/2"]
[WhiteElo "1943"]
[BlackElo "2061"]
[PlyCount "60"]
[EventDate "2012.09.02"]
[EventType "team-tourn"]
[EventRounds "9"]
[EventCountry "GER"]
[SourceTitle "EXT 2020"]
[Source "ChessBase"]
[SourceDate "2019.10.17"]
[SourceVersion "1"]
[SourceVersionDate "2019.10.17"]
[SourceQuality "1"]
[WhiteTeam "Gerthe Werne"]
[BlackTeam "Doppelbauer Brambauer"]
[WhiteTeamCountry "GER"]
[BlackTeamCountry "GER"]

1. d4 d5 2. c4 e6 3. Nc3 c5 4. cxd5 exd5 5. Nf3 Nc6 6. g3 Nf6 7. Bg2 Be7 8. 0-0 0-0 9. dxc5 Bxc5 10. Bg5 d4 11. Bxf6 Qxf6 12. Ne4 Qe7 13. Nxc5 Qxc5 14. Qd2 Be6 15. Rfd1 Rad8 16. Rac1 Qb5 17. b3 Rfe8 18. Qd3 Qa5 19. Qd2 Qa6 20. Qb2 h6 21. Rd2 Bf5 22. Rcd1 Be4 23. Ne1 Qb5 24. Bxe4 Rxe4 25. Nf3 Rde8 26. Kf1 Qh5 27. Kg2 Qb5 28. Kf1 a5 29. Rc1 Qh5 30. Kg2 Qb5 1/2-1/2

[Event "Ruhrgebiet Verbandsliga1 1112"]
[Site "Nordrheinwestfalen"]
[Date "2012.02.12"]
[Round "6.4"]
[White "Berens, Thomas"]
[Black "Praemassing, Rainer"]
[Result "1/2-1/2"]
[WhiteElo "1896"]
[BlackElo "1866"]
[PlyCount "43"]
[EventDate "2012.09.18"]
[EventType "team-tourn"]
[EventRounds "9"]
[EventCountry "GER"]
[SourceTitle "EXT 2020"]
[Source "ChessBase"]
[SourceDate "2019.10.17"]
[SourceVersion "1"]
[SourceVersionDate "2019.10.17"]
[SourceQuality "1"]
[WhiteTeam "Gerthe Werne"]
[BlackTeam "Essen Ueberruhr"]
[WhiteTeamCountry "GER"]
[BlackTeamCountry "GER"]

1. d4 e6 2. Nf3 Nf6 3. e3 c5 4. Bd3 b6 5. 0-0 Ba6 6. c4 Nc6 7. b3 cxd4 8. exd4 d5 9. Bb2 Rc8 10. Nbd2 Be7 11. Re1 0-0 12. Rc1 dxc4 13. bxc4 Bb4 14. a3 Bd6 15. Ne5 Bxe5 16. dxe5 Nxe5 17. Bxe5 Qxd3 18. Bxf6 gxf6 19. Re3 Qd4 20. Re4 Qd3 21. Re3 Qd4 22. Re4 1/2-1/2

[Event "Ruhrgebiet Verbandsliga1 1112"]
[Site "Nordrheinwestfalen"]
[Date "2011.10.09"]
[Round "2.4"]
[White "Berens, Thomas"]
[Black "Renk, Christoph"]
[Result "1-0"]
[WhiteElo "1896"]
[BlackElo "1980"]
[PlyCount "75"]
[EventDate "2012.09.18"]
[EventType "team-tourn"]
[EventRounds "9"]
[EventCountry "GER"]
[SourceTitle "EXT 2020"]
[Source "ChessBase"]
[SourceDate "2019.10.17"]
[SourceVersion "1"]
[SourceVersionDate "2019.10.17"]
[SourceQuality "1"]
[WhiteTeam "Gerthe Werne"]
[BlackTeam "Buer SF"]
[WhiteTeamCountry "GER"]
[BlackTeamCountry "GER"]

1. d4 Nf6 2. Nf3 e6 3. e3 c5 4. Bd3 Nc6 5. 0-0 b6 6. c3 Be7 7. Qe2 0-0 8. e4 cxd4 9. Nxd4 Bb7 10. Bg5 h6 11. Bh4 Ne5 12. Bc2 Qc8 13. Rd1 Ba6 14. Qe1 Rd8 15. a4 d6 16. Na3 Bb7 17. Qe2 a6 18. Bg3 Bf8 19. f3 Ned7 20. Nc4 Qc5 21. Bf2 Qc7 22. a5 b5 23. Nb6 Nxb6 24. axb6 Qc8 25. Nb3 d5 26. e5 Nd7 27. Qd3 g6 28. Qe3 Qb8 29. f4 Rc8 30. h4 Bg7 31. h5 g5 32. g3 Rc6 33. Qd3 Nxb6 34. Na5 Rc4 35. Nxc4 Nxc4 36. Qh7+ Kf8 37. Bc5+ Ke8 38. Qxg7 1-0

[Event "Kaupthing op-B 1st"]
[Site "Differdange"]
[Date "2007.07.09"]
[Round "4"]
[White "Pletsch, Claude"]
[Black "Berens, Thomas"]
[Result "0-1"]
[WhiteElo "1903"]
[BlackElo "2032"]
[PlyCount "70"]
[EventDate "2007.07.08"]
[EventType "swiss"]
[EventRounds "9"]
[EventCountry "LUX"]
[SourceTitle "EXT 2008"]
[Source "ChessBase"]
[SourceDate "2007.11.25"]
[SourceVersion "1"]
[SourceVersionDate "2007.11.25"]
[SourceQuality "1"]

1. e4 c5 2. Nc3 d6 3. g3 Nc6 4. Bg2 g6 5. f4 Bg7 6. Nf3 e6 7. d3 Nge7 8. 0-0 0-0 9. Be3 Rb8 10. Rb1 b5 11. a3 a5 12. Ne2 Qc7 13. g4 f5 14. h3 b4 15. axb4 axb4 16. Qe1 b3 17. c3 Ba6 18. Qd2 c4 19. d4 Bb7 20. Ng5 Qd7 21. d5 exd5 22. exf5 gxf5 23. Bxd5+ Nxd5 24. Qxd5+ Kh8 25. Qxc4 fxg4 26. Qd3 Bf6 27. h4 Rbe8 28. Bd4 Nxd4 29. Nxd4 h6 30. Qg6 Bxd4+ 31. cxd4 hxg5 32. fxg5 Qg7 33. Qh5+ Kg8 34. Qxg4 Rxf1+ 35. Rxf1 Re4 0-1

[Event "Vlissingen HZ op 10th"]
[Site "Vlissingen"]
[Date "2006.08.06"]
[Round "3"]
[White "Berg, Klaus"]
[Black "Berens, Thomas"]
[Result "1-0"]
[WhiteElo "2393"]
[BlackElo "2071"]
[PlyCount "25"]
[EventDate "2006.08.05"]
[EventType "swiss"]
[EventRounds "9"]
[EventCountry "NED"]
[SourceTitle "CBM 113 Extra"]
[Source "ChessBase"]
[SourceDate "2006.09.14"]
[SourceVersion "1"]
[SourceVersionDate "2006.09.14"]
[SourceQuality "1"]

1. d4 Nf6 2. Bg5 d5 3. e3 e6 4. Nd2 Nbd7 5. f4 c5 6. c3 Be7 7. Bd3 h6 8. Bh4 0-0 9. Ngf3 Ng4 10. Bxe7 Qxe7 11. Qe2 f5 12. Ne5 Ngf6 13. Ng6 1-0